Predpoklady zvyšovania pracovnej angažovanosti vysokoškolských pedagógov ako nástroja konkurencieschopnosti vysokých škôl na Slovensku

Vysoké školstvo na Slovensku prechádza významnými zmenami, ktoré kladú vysoké nároky na vysokoškolských pedagógov a zároveň vysoké nároky na manažment vysokých škôl, aby dokázal zabezpečiť angažovanú pracovnú silu, schopnú tieto nároky plniť. Hlavným zámerom štúdie bolo preskúmať faktory, ktoré pôso...

ver descrição completa

Na minha lista:
Detalhes bibliográficos
Autor principal: Jankelová, Nadežda, 1966-
Outros Autores: Súkeník, Norbert, 1994-
Formato: Capítulo de Livro
Idioma:eslovaco
Assuntos:
Tags: Adicionar Tag
Sem tags, seja o primeiro a adicionar uma tag!

MARC

LEADER 00000naa$a2200000$$$4500
001 0296644
005 20240502083956.2
041 0 |a slo 
044 |a CZ 
245 1 0 |a Predpoklady zvyšovania pracovnej angažovanosti vysokoškolských pedagógov ako nástroja konkurencieschopnosti vysokých škôl na Slovensku  |c Nadežda Jankelová, Norbert Súkeník 
520 |a Vysoké školstvo na Slovensku prechádza významnými zmenami, ktoré kladú vysoké nároky na vysokoškolských pedagógov a zároveň vysoké nároky na manažment vysokých škôl, aby dokázal zabezpečiť angažovanú pracovnú silu, schopnú tieto nároky plniť. Hlavným zámerom štúdie bolo preskúmať faktory, ktoré pôsobia na pracovnú angažovanosť vysokoškolských pedagógov a zároveň odhaliť hlbší mechanizmus pôsobenia týchto faktorov. Použitý bol dotazníkový prieskum. Na analýzu dát bola použitá metóda PLS-SEM (modelovanie štrukturálnych rovníc metódou parciálnych najmenších štvorcov) s použitím softvérovej podpory SmartPLS 3.3. 
610 2 0 |a školy vysoké 
610 2 0 |a zodpovednosť spoločenská 
610 2 0 |a psychológia podniková 
610 2 0 |a manažment 
610 2 0 |a pedagógovia 
100 1 |a Jankelová, Nadežda, 1966- 
700 1 |a Súkeník, Norbert, 1994-